Largest Cities In Maryland - Statistics

General Stats
  • This quiz has been taken 56 times
  • The average score is 6 of 9
Answer Stats
Pop. City % Correct
616,958 Baltimore
100%
39,321 Annapolis
80%
71,408 Frederick
75%
68,710 Gaithersburg
65%
40,306 Hagerstown
63%
68,401 Rockville
63%
58,859 Bowie
45%
32,807 Salisbury
33%
32,303 College Park
28%
No matching quizzes found
Score Distribution
Percent of People with Each Score
Percentile by Number Answered
Your Score History
You have not taken this quiz